000 00452nam a2200157 i 4500
001 56043
003 ES-MaACL
005 20230906163255.0
007 t|
008 031002s1964 sp ||||1| spa d
100 1 _aDíaz Pardo, Isaac.
_944381
245 1 3 _aEl ceramista Arranz y su escuela /
_cIsaac Díaz Pardo.
260 _aLa Coruña :
_bCastro,
_c[1964]
300 _a26 p., 1 lám., 20 lám. ;
_c16 cm.
852 _aES-MaACL
_j2033-F-17
_bR.55072
999 _c56043
_d56043